000 01135cam a22003497a 4500
003 CHAP
005 20220329134558.0
008 971013s1981 r 00010 d
010 _a22452
011 _a23424
035 _a27520
040 _cCHAP
082 _a312.08
_bA8
100 0 0 _aAtria, Raúl.
_98270
245 0 _aEstructura política y políticas de población
260 _aMéxico, D.F. :
_bEl Colegio de México,
_c1981
300 _a442 p
490 0 _aCuadernos del PISPAL
590 _aBATCH-UPD
_b10
_c20130109
_lUCH01
_h2326
590 _aBATCH-UPD
_b10
_c20130110
_lUCH01
_h1931
590 _aBATCH-UPD
_b10
_c20130409
_lUCH01
_h1850
590 _aBATCH-UPD
_b10
_c20130410
_lUCH01
_h1256
590 _aBATCH-UPD
_b10
_c20130914
_lUCH01
_h0611
590 _aCONVERSION
_b10
_c20130109
_lUCH01
_h1313
650 1 4 _aAmerica Latina
_xPolitica y gobierno.
_95404
650 1 4 _aPoblación
_xAmérica Latina.
_989362
650 1 4 _aPolítica demográfica.
_990485
830 0 _aCuadernos del PISPAL
_929847
901 _aBK
942 _cLIBRO
949 _a312.08 A8
_bBC
_cLIBRO
_d33724000300471
_eLIBRO
_gI.c/e
_h69637
_i27520
_si
999 _c22452
_d22452